| 000 | 00532nam a22001817a 4500 | ||
|---|---|---|---|
| 003 | CEME | ||
| 005 | 20210628202832.0 | ||
| 008 | 210118b xxu||||| |||| 00| 0 eng d | ||
| 020 | _a0-07-142034-7 | ||
| 040 | _c. | ||
| 082 | _a332.6452 BOY | ||
| 100 |
_aYoder, Bo _961865 |
||
| 245 | _aMastering future trading, an advanced course for sophisticated strategies that work | ||
| 260 |
_aNEW YORK _bMCGRAW HILL _c2004 |
||
| 300 | _aXIV,241 P | ||
| 650 |
_aFUTURES. FUTURE MAKETS.MASTERING FUTURE TRADING. _961866 |
||
| 942 |
_cBK _2ddc |
||
| 999 |
_c571168 _d571168 |
||